000 00642nam a2200205 i 4500
001 143561
003 ES-MaACL
005 20250904063102.0
007 t|
008 151111s1927 sp r ||||1| spa d
100 1 _9242211
_aReinach, Salomon,
_d1858-1932
_eaut
245 0 0 _aLa Colección Lázaro de Madrid.
_n2ª parte /
_cpor Salomón Reinach... [et al.].
260 _aMadrid :
_bLa España Moderna,
_c1927 (
_fBlass S. A.)
300 _aVIII, 534 lám., 535-547 p. ;
_c24 cm.
610 2 4 _aMuseo Lázaro Galdiano
_9220907
710 1 _a
_9242206
852 _aES-MaACL
_jC-7145
942 _2udc
999 _c143561
_d143561